书目信息 |
| 题名: |
立体构成
|
|
| 作者: | 孙明海 , 陈茜 编著 | |
| 分册: | ||
| 出版信息: | 武汉 华中科技大学出版社 2007.01 |
|
| 页数: | 79页 | |
| 开本: | 28cm | |
| 丛书名: | ||
| 单 册: | ||
| 中图分类: | J061 | |
| 科图分类: | ||
| 主题词: | 立体--li ti--构图 (美术)--高等学校--教材 | |
| 电子资源: | ||
| ISBN: | 978-7-5609-3910-0 | |
| 000 | 00883nam0 2200265 450 | |
| 001 | 012007882563 | |
| 005 | 20071226090838.39 | |
| 010 | @a978-7-5609-3910-0@dCNY33.00 | |
| 100 | @a20071226d2007 km y0chi0120 ea | |
| 101 | 0 | @achi |
| 102 | @aCN@b420000 | |
| 105 | @aa a 000yy | |
| 106 | @ar | |
| 200 | 1 | @a立体构成@Ali ti gou cheng@f孙明海, 陈茜编著@Fsun ming hai,chen qian bian zhu |
| 210 | @a武汉@c华中科技大学出版社@d2007.01 | |
| 215 | @a79页@c图@d28cm | |
| 300 | @a高等院校艺术设计精品教程 | |
| 320 | @a有书目 (第79页) | |
| 330 | @a本丛书为高等院校艺术设计精品教程。本书主要内容包括:立体构成观,立体构成要素,从平面到立体,线材立体构成等。 | |
| 606 | 0 | @a立体@Ali ti@x构图 (美术)@x高等学校@j教材 |
| 690 | @aJ061@v4 | |
| 701 | 0 | @a孙明海@Asun ming hai@4编著 |
| 701 | 0 | @a陈茜@Achen qian@4编著 |
| 801 | 0 | @aCN@bQSSK@c20071226 |
| 905 | @b271302-04@dJ061@eS932@f3 | |
| 立体构成/孙明海, 陈茜编著.-武汉:华中科技大学出版社,2007.01 |
| 79页:图;28cm |
| 高等院校艺术设计精品教程 |
| ISBN 978-7-5609-3910-0:CNY33.00 |
| 本丛书为高等院校艺术设计精品教程。本书主要内容包括:立体构成观,立体构成要素,从平面到立体,线材立体构成等。 |
| ● |
| 相关链接 |
|
|
|
正题名:立体构成
索取号:J061/S932
 
预约/预借
| 序号 | 登录号 | 条形码 | 馆藏地/架位号 | 状态 | 备注 |
| 1 | 271302 | 202713028 | 自科二线404/309社科库 63排4列3层/ [索取号:J061/S932] | 在馆 | |
| 2 | 271303 | 202713037 | 自科二线404/309社科库 63排4列3层/ [索取号:J061/S932] | 在馆 | |
| 3 | 271304 | 202713046 | 自科二线404/309社科库 63排4列3层/ [索取号:J061/S932] | 在馆 |